Cognitive Behavioural Systems COST 2102 International Training School, Dresden, Germany, February 21-26, 2011, Revised Selected Papers /

This book constitutes refereed proceedings of the COST 2102 International Training School on Cognitive Behavioural Systems held in Dresden, Germany, in February 2011. The 39 revised full papers presented were carefully reviewed and selected from various submissions. The volume presents new and origi...

Full description

Bibliographic Details
Corporate Author: SpringerLink (Online service)
Other Authors: Esposito, Anna (Editor), Esposito, Antonietta M. (Editor), Vinciarelli, Alessandro (Editor), Hoffmann, Rüdiger (Editor), Müller, Vincent C. (Editor)
Format: Electronic eBook
Language:English
Published: Berlin, Heidelberg : Springer Berlin Heidelberg : Imprint: Springer, 2012.
Series:Lecture Notes in Computer Science, 7403
Subjects:
Online Access:Full Text via HEAL-Link
LEADER 03686nam a22006255i 4500
001 978-3-642-34584-5
003 DE-He213
005 20151030031340.0
007 cr nn 008mamaa
008 121116s2012 gw | s |||| 0|eng d
020 |a 9783642345845  |9 978-3-642-34584-5 
024 7 |a 10.1007/978-3-642-34584-5  |2 doi 
040 |d GrThAP 
050 4 |a QA75.5-76.95 
072 7 |a UY  |2 bicssc 
072 7 |a COM069000  |2 bisacsh 
072 7 |a COM032000  |2 bisacsh 
082 0 4 |a 005.743  |2 23 
245 1 0 |a Cognitive Behavioural Systems  |h [electronic resource] :  |b COST 2102 International Training School, Dresden, Germany, February 21-26, 2011, Revised Selected Papers /  |c edited by Anna Esposito, Antonietta M. Esposito, Alessandro Vinciarelli, Rüdiger Hoffmann, Vincent C. Müller. 
264 1 |a Berlin, Heidelberg :  |b Springer Berlin Heidelberg :  |b Imprint: Springer,  |c 2012. 
300 |a XXII, 450 p. 144 illus.  |b online resource. 
336 |a text  |b txt  |2 rdacontent 
337 |a computer  |b c  |2 rdamedia 
338 |a online resource  |b cr  |2 rdacarrier 
347 |a text file  |b PDF  |2 rda 
490 1 |a Lecture Notes in Computer Science,  |x 0302-9743 ;  |v 7403 
505 0 |a cognitive and computational social information processing -- emotional and social believable Human-Computer Interaction (HCI) systems -- behavioural and contextual analysis of interaction -- embodiment, perception, linguistics, semantics and sentiment analysis in dialogues and interactions -- algorithmic and computational issues for the automatic recognition and synthesis of emotional states. 
520 |a This book constitutes refereed proceedings of the COST 2102 International Training School on Cognitive Behavioural Systems held in Dresden, Germany, in February 2011. The 39 revised full papers presented were carefully reviewed and selected from various submissions. The volume presents new and original research results in the field of human-machine interaction inspired by cognitive behavioural human-human interaction features. The themes covered are on cognitive and computational social information processing, emotional and social believable Human-Computer Interaction (HCI) systems, behavioural and contextual analysis of interaction, embodiment, perception, linguistics, semantics and sentiment analysis in dialogues and interactions, algorithmic and computational issues for the automatic recognition and synthesis of emotional states. 
650 0 |a Computer science. 
650 0 |a Mathematical statistics. 
650 0 |a Computers. 
650 0 |a Information storage and retrieval. 
650 0 |a User interfaces (Computer systems). 
650 0 |a Artificial intelligence. 
650 0 |a Computer graphics. 
650 1 4 |a Computer Science. 
650 2 4 |a Models and Principles. 
650 2 4 |a User Interfaces and Human Computer Interaction. 
650 2 4 |a Artificial Intelligence (incl. Robotics). 
650 2 4 |a Information Storage and Retrieval. 
650 2 4 |a Computer Imaging, Vision, Pattern Recognition and Graphics. 
650 2 4 |a Probability and Statistics in Computer Science. 
700 1 |a Esposito, Anna.  |e editor. 
700 1 |a Esposito, Antonietta M.  |e editor. 
700 1 |a Vinciarelli, Alessandro.  |e editor. 
700 1 |a Hoffmann, Rüdiger.  |e editor. 
700 1 |a Müller, Vincent C.  |e editor. 
710 2 |a SpringerLink (Online service) 
773 0 |t Springer eBooks 
776 0 8 |i Printed edition:  |z 9783642345838 
830 0 |a Lecture Notes in Computer Science,  |x 0302-9743 ;  |v 7403 
856 4 0 |u http://dx.doi.org/10.1007/978-3-642-34584-5  |z Full Text via HEAL-Link 
912 |a ZDB-2-SCS 
912 |a ZDB-2-LNC 
950 |a Computer Science (Springer-11645)